[Event "BUL-ch"]
[Site "Sofia"]
[Date "1981.??.??"]
[Round "2"]
[White "Ermenkov, Evgenij"]
[Black "Georgiev, Kiril"]
[Result "1/2-1/2"]
[WhiteElo "2490"]
[BlackElo "2200"]

1.Nf3 c5 2.c4 g6 3.e3 Bg7 4.d4 cxd4 5.exd4 Nf6 6.Nc3 d5 7.Bg5 Ne4 8.Bh4 Nc6
9.cxd5 Nxc3 10.bxc3 Qxd5 11.Be2 O-O 12.O-O e5 13.c4 Qe4 14.d5 Nd4 15.Nxd4 Qxh4
16.Nc2 Bd7 17.a4 Qe7 18.a5 Qc5 19.Qb1 e4 20.Ra2 b6 21.Nb4 e3 22.fxe3 Bf5
23.Qb3 Rfe8 24.Na6 Qxe3+ 25.Qxe3 Rxe3 26.Rf3 Re7 27.d6 Rd7 28.Nc7 Rad8 29.axb6 axb6
30.Nb5 Be5 31.Rb3 Be4  1/2-1/2

[Event "BUL-ch"]
[Site "Sofia"]
[Date "1981.??.??"]
[Round "4"]
[White "Inkiov, Ventzislav"]
[Black "Georgiev, Kiril"]
[Result "1-0"]
[WhiteElo "2475"]
[BlackElo "2200"]

1.d4 Nf6 2.c4 g6 3.Nc3 d5 4.Nf3 Bg7 5.Bf4 O-O 6.e3 c5 7.dxc5 Be6 8.Nd4 Nc6
9.Nxc6 bxc6 10.Be5 Qa5 11.Qa4 Qxc5 12.b4 Qb6 13.c5 Qb7 14.Ba6 Qd7 15.O-O Ng4
16.Bxg7 Qc7 17.f4 Kxg7 18.Qd1 Bf5 19.h3 Nf6 20.Qd4 h5 21.b5 cxb5 22.Nxd5 Qc6
23.Nb4 Qe6 24.c6 Rad8 25.Qc3 Rd6 26.Rad1 Rfd8 27.Rxd6 Rxd6 28.Rc1 Bxh3 29.c7 Qg4
30.Bb7 Qg3 31.Qe1 Qxe1+ 32.Rxe1 Bg4 33.Rc1 a5 34.Nc6 Nd5 35.Ne5 Be6 36.Bxd5 Rxd5
37.c8=Q Bxc8 38.Rxc8 Rd1+ 39.Kh2 Rd2 40.Rc7 Kf6 41.a3 Ra2 42.Rc3 b4 43.axb4 axb4
44.Rc6+ Kf5 45.Nxf7 Re2 46.Rc5+ Kf6 47.Ne5 Rxe3 48.Rb5 b3 49.Nf3 Rc3 50.Nd2 Re3
51.Rxb3 Rxb3 52.Nxb3 e5 53.Kg3 Kf5 54.fxe5 g5 55.Nd2 Kxe5 56.Kf3 Kf5 57.Ne4 g4+
58.Ke3 Ke5 59.Nf2 Kf5 60.Nd3 h4 61.Nf2 g3 62.Nh3 Ke5 63.Kf3 Kf5 64.Ng1 Kg5
65.Ke4  1-0

[Event "BUL-ch"]
[Site "Sofia"]
[Date "1981.??.??"]
[Round "5"]
[White "Georgiev, Kiril"]
[Black "Gochev, Mladen"]
[Result "1-0"]
[WhiteElo "2200"]
[BlackElo "2250"]

1.d4 Nf6 2.c4 c5 3.Nf3 cxd4 4.Nxd4 e5 5.Nb5 d5 6.cxd5 Bc5 7.N5c3 O-O 8.e3 e4
9.Be2 Re8 10.Nd2 Bf5 11.O-O a6 12.a3 b5 13.Nb3 Bd6 14.Nd4 Bg6 15.Qb3 Qe7
16.Bd2 Qe5 17.g3 Bh5 18.Qd1 Bxe2 19.Qxe2 Bc5 20.Rad1 Nbd7 21.Bc1 Bxd4 22.Rxd4 Nb6
23.Rfd1 Qf5 24.Kg2 Nc4 25.d6 Rad8 26.a4 Re6 27.axb5 Ne5 28.Nd5 Nxd5 29.Rxd5 Rh6
30.h4 Qe6 31.Qc2 Nd3 32.R1xd3 exd3 33.Qxd3 axb5 34.e4 Rg6 35.h5 Rf6 36.Bg5 Rxd6
37.Bxf6 Rxd5 38.Qxd5 Qxd5 39.exd5 gxf6 40.Kf3 Kf8 41.Kf4 Ke7 42.h6  1-0

[Event "BUL-ch"]
[Site "Sofia"]
[Date "1981.??.??"]
[Round "6"]
[White "Kirov, Nino"]
[Black "Georgiev, Kiril"]
[Result "1/2-1/2"]
[WhiteElo "2430"]
[BlackElo "2200"]

1.Nf3 c5 2.g3 g6 3.c3 Bg7 4.d4 cxd4 5.cxd4 Nf6 6.Bg2 O-O 7.O-O d5 8.Ne5 e6
9.Nc3 Nfd7 10.Nf3 Nc6 11.Bf4 Qb6 12.Na4 Qb4 13.a3 Qb5 14.e3 Nb6 15.b3 Nxa4
16.bxa4 Qa6 17.Re1 b5 18.axb5 Qxb5 19.Bf1 Qa5 20.Nd2 e5 21.Nb3 Qd8 22.Bxe5 Nxe5
23.dxe5 Bxe5 24.Nd4 Qd6 25.Bg2 Bd7 26.Qb3 Bxd4 27.exd4 Be6 28.Qb4  1/2-1/2

[Event "BUL-ch"]
[Site "Sofia"]
[Date "1981.??.??"]
[Round "7"]
[White "Georgiev, Kiril"]
[Black "Spassov, Liuben"]
[Result "1/2-1/2"]
[WhiteElo "2200"]
[BlackElo "2430"]

1.Nf3 d5 2.d4 Nf6 3.c4 e6 4.Nc3 c6 5.cxd5 exd5 6.Bg5 Be7 7.e3 Bf5 8.Bxf6 Bxf6
9.Bd3 Bxd3 10.Qxd3 Nd7 11.O-O O-O 12.b4 a6  1/2-1/2

[Event "BUL-ch"]
[Site "Sofia"]
[Date "1981.??.??"]
[Round "8"]
[White "Popov, Luben"]
[Black "Georgiev, Kiril"]
[Result "1-0"]
[WhiteElo "2445"]
[BlackElo "2200"]

1.c4 c5 2.Nf3 g6 3.d4 cxd4 4.Nxd4 Bg7 5.e4 Nc6 6.Be3 Nf6 7.Nc3 O-O 8.Be2 b6
9.O-O Bb7 10.f3 Nh5 11.Rc1 Nf4 12.Re1 Nxe2+ 13.Rxe2 f5 14.exf5 gxf5 15.Nxc6 Bxc6
16.Bg5 Bf6 17.Bxf6 Rxf6 18.Nd5 Rf7 19.Rc3 e6 20.Nb4 Qf8 21.Nxc6 Qc5+ 22.Nd4 e5
23.b4 Qd6 24.Rd3 exd4 25.a3 a5 26.Rxd4 Qf8 27.Qe1 axb4 28.axb4 Qg7 29.Qg3 Qxg3
30.hxg3 Ra1+ 31.Kf2 Kf8 32.Re5 Ra2+ 33.Kg1 Ra1+ 34.Kh2 Rb1 35.b5 Rc1 36.Rf4 Kg8
37.Rd5 Rf6 38.g4 Rh6+ 39.Kg3 fxg4 40.Rxg4+ Kf7 41.Rxd7+ Ke6 42.Rc7 Ke5 43.Re4+ Kf5
44.Rf7+ Kg5 45.Rg4+  1-0

[Event "BUL-ch"]
[Site "Sofia"]
[Date "1981.??.??"]
[Round "9"]
[White "Georgiev, Kiril"]
[Black "Velikov, Petar"]
[Result "0-1"]
[WhiteElo "2200"]
[BlackElo "2460"]

1.Nf3 d5 2.b3 Nf6 3.Bb2 Bf5 4.c4 e6 5.cxd5 exd5 6.e3 Bd6 7.Be2 O-O 8.O-O Nbd7
9.d3 c6 10.Nbd2 h6 11.Bc3 Qe7 12.b4 Bxb4 13.Bxb4 Qxb4 14.Nd4 Bh7 15.Rb1 Qd6
16.Rxb7 Nc5 17.Rb2 Nxd3 18.Rb3 Ne5 19.Qc1 c5 20.Qa3 Rfd8 21.Nb5 Qc6 22.Rc1 c4
23.Rb4 Qd7 24.Nd4 Rab8 25.Ra4 Rb7 26.Ra6 Rc8 27.N2f3 Nxf3+ 28.Bxf3 Ne4 29.h3 Nf6
30.Rd6 Qe7 31.Qa6 Rcb8 32.Bxd5 Nxd5 33.Rxd5 Be4 34.Qxc4 Bxd5 35.Qxd5 Rb1
36.Rxb1 Rxb1+ 37.Kh2 g6 38.g3 Rb2 39.Kg1 Kg7 40.Nf3 Qf6 41.Kg2 Rc2 42.g4 Qb2
43.Kg3 Rxf2 44.Nd4 Rf6 45.Nf3 Qb8+ 46.Kg2 Qd6  0-1

[Event "BUL-ch"]
[Site "Sofia"]
[Date "1981.??.??"]
[Round "10"]
[White "Georgiev, Kiril"]
[Black "Stefanov, Krasimir"]
[Result "0-1"]
[WhiteElo "2200"]
[BlackElo "2315"]

1.d4 Nf6 2.c4 g6 3.Nc3 Bg7 4.Nf3 d6 5.g3 Nbd7 6.Bg2 e5 7.O-O O-O 8.e4 a5
9.h3 Re8 10.Be3 exd4 11.Nxd4 Nc5 12.f3 a4 13.Bf2 c6 14.Qc2 Qa5 15.Rab1 Qb4
16.b3 Nh5 17.Rfd1 axb3 18.axb3 g5 19.Nde2 Be5 20.Na2 Qa3 21.Nac1 Qb4 22.Kh2 h6
23.Be1 Qb6 24.b4 Ne6 25.Nd3 Bg7 26.Bf2 Qc7 27.Qb3 Nf8 28.Rd2 Be6 29.Qc2 Ng6
30.c5 d5 31.exd5 Bxd5 32.Nc3 Be6 33.Re1 Bf5 34.Ne4 Bxe4 35.Rxe4 Rxe4 36.fxe4 Ne5
37.Qd1 Nc4 38.Rc2 Ne3 39.Qxh5 Nxc2 40.e5 Rd8 41.Be4 Nd4 42.h4 Qe7 43.hxg5 Qxg5
44.Qxg5 hxg5 45.Kh3 Nf3 46.b5 cxb5 47.Nb4 g4+ 48.Kxg4 Nxe5+ 49.Kf5 Rd2 50.Be3 Rb2
51.Nd5 Nc6 52.Nf4 b4 53.Bd3 b3 54.Ke4 Rh2 55.Bg1 Rh1 56.Ne2 Rh5 57.Nc1 b2
58.Ne2 Nb4 59.Bb1 Re5+ 60.Kf3 Rd5  0-1

[Event "BUL-ch"]
[Site "Sofia"]
[Date "1981.??.??"]
[Round "11"]
[White "Lukov, Valentin"]
[Black "Georgiev, Kiril"]
[Result "1/2-1/2"]
[WhiteElo "2395"]
[BlackElo "2200"]

1.Nf3 Nf6 2.c4 e6 3.Nc3 Bb4 4.Qc2 c5 5.a3 Ba5 6.g3 Nc6 7.Bg2 O-O 8.O-O Qe7
9.e3 d5 10.b3 Rd8 11.cxd5 exd5 12.Na4 Bb6 13.Bb2 Bg4 14.Rac1 Bxf3 15.Bxf3 Ne4
16.Bg2 Rac8 17.d3 Ng5 18.Nxc5 d4 19.Na4 dxe3 20.Nxb6 axb6 21.Qe2 exf2+ 22.Rxf2 Qxe2
23.Rxe2 Ne6 24.b4 Rxd3 25.b5 Ne7 26.Rxc8+ Nxc8 27.Bxb7 Nd6 28.Bc6 Nc4 29.a4 h5
30.Be4 Rd1+ 31.Kf2 Nxb2 32.Rxb2 Nc5 33.Re2 g6 34.h4 Kf8 35.Bc6 Nxa4 36.Re4 Nc5
37.Re8+ Kg7 38.Rb8 Rd2+ 39.Ke3 Rd3+ 40.Kf2 Na4 41.Rb7 Rd8 42.Bf3 Kf6 43.Be2 Rd4
44.Ke3 Rb4 45.Kd2 Rb2+ 46.Ke3 Rb3+ 47.Kf2 Nc3 48.Rxf7+ Kxf7 49.Bc4+ Kg7 50.Bxb3 Nxb5
51.g4 hxg4 52.Kg3 Nd4 53.Ba2 Kh6 54.Kxg4 b5 55.Kf4 Nf5 56.Be6 Nxh4 57.Ke4 Kg5
58.Kd5 Kf4 59.Kc5 Nf5 60.Bd7 g5 61.Kxb5 g4 62.Kc4 g3 63.Bc6 Ke3  1/2-1/2

[Event "BUL-ch"]
[Site "Sofia"]
[Date "1981.??.??"]
[Round "12"]
[White "Georgiev, Kiril"]
[Black "Spiridonov, Nikola"]
[Result "1/2-1/2"]
[WhiteElo "2200"]
[BlackElo "2420"]

1.e4 c6 2.d4 d5 3.Nd2 dxe4 4.Nxe4 Nd7 5.Bc4 Ngf6 6.Ng5 e6 7.Qe2 Nb6 8.Bd3 h6
9.N5f3 c5 10.dxc5 Bxc5 11.Ne5 Nbd7 12.Ngf3 Qc7 13.O-O O-O 14.Bf4 Bd6 15.Nxd7 Bxd7
16.Bxd6 Qxd6 17.Rad1 Qb6 18.c3 Rfd8 19.Ne5 Ba4 20.Rd2 Rd5 21.Ng4 Nxg4 22.Qxg4 Bc6
23.h4 Rad8 24.Rfd1 e5 25.Qe2 Qc5 26.Bc2 Rxd2 27.Rxd2 Rxd2 28.Qxd2 Qe7 29.g3 Qd7
30.Qxd7 Bxd7 31.f3 f5 32.Kf2 Kf7 33.b4 b6 34.Bb3+ Ke7 35.f4  1/2-1/2

[Event "BUL-ch"]
[Site "Sofia"]
[Date "1981.??.??"]
[Round "13"]
[White "Radev, Nikolai"]
[Black "Georgiev, Kiril"]
[Result "0-1"]
[WhiteElo "2335"]
[BlackElo "2200"]

1.d4 Nf6 2.c4 c5 3.d5 d6 4.Nc3 g6 5.e4 Bg7 6.Bd3 O-O 7.Nge2 e5 8.dxe6 Bxe6
9.f4 Nc6 10.O-O Bg4 11.h3 Bxe2 12.Qxe2 Re8 13.g4 a6 14.Bd2 Rb8 15.Rae1 h6
16.b3 b5 17.cxb5 Nd4 18.Qf2 axb5 19.e5 b4 20.Na4 Nd7 21.exd6 Qf6 22.Bc4 Qxd6
23.Qg2 Nc2 24.Rxe8+ Rxe8 25.Rf3 Bd4+ 26.Kh1 Nf6 27.g5 Ne1 28.Bxe1 Rxe1+ 29.Rf1 Rxf1+
30.Bxf1 Nh5 31.gxh6 Qxf4 32.Bc4 Ng3+ 33.Kh2 Ne2+  0-1

[Event "BUL-ch"]
[Site "Sofia"]
[Date "1981.??.??"]
[Round "14"]
[White "Georgiev, Kiril"]
[Black "Trifunov, Dimitar"]
[Result "1-0"]
[WhiteElo "2200"]
[BlackElo "2200"]

1.e4 e5 2.Nf3 d6 3.d4 Nd7 4.Nc3 Be7 5.Bc4 c6 6.O-O Ngf6 7.a4 O-O 8.Qe2 Qc7
9.Rd1 h6 10.a5 Re8 11.d5 c5 12.Nh4 Nf8 13.a6 bxa6 14.Bxa6 Ng6 15.Nf5 Bxf5
16.exf5 Nf4 17.Qf3 Rab8 18.Bb5 Nd7 19.h4 Bxh4 20.g3 Nh3+ 21.Kg2 e4 22.Qg4 Nxf2
23.Kxf2 Bf6 24.Bxd7 Qxd7 25.Nxe4 Rxe4 26.Qxe4 h5 27.Re1 h4 28.gxh4 Kf8 29.c3 Qd8
30.Kg3 Rb7 31.Qg4 Rb3 32.Rxa7  1-0

[Event "BUL-ch"]
[Site "Sofia"]
[Date "1981.??.??"]
[Round "15"]
[White "Georgiev, Krum"]
[Black "Georgiev, Kiril"]
[Result "1-0"]
[WhiteElo "2485"]
[BlackElo "2200"]

1.e4 c5 2.Nf3 d6 3.c3 Nf6 4.Bd3 g6 5.Bc2 Bg7 6.O-O Nc6 7.h3 e5 8.d3 h6 9.Be3 O-O
10.Nbd2 b6 11.a3 d5 12.Ba4 Bb7 13.Bxc6 Bxc6 14.Nxe5 Bb7 15.Re1 c4 16.Ng4 Nxg4
17.Qxg4 cxd3 18.e5 Qc8 19.Qxc8 Rfxc8 20.Bd4 h5 21.Nf3 Bh6 22.Be3 Bg7 23.a4 Re8
24.a5 Bxe5 25.axb6 axb6 26.Rxa8 Bxa8 27.Bg5 f6 28.Bxf6 Bh2+ 29.Kf1 Rxe1+
30.Kxe1 Bf4 31.Be5 Bc1 32.b3 d2+ 33.Kd1 d4 34.Bxd4 b5 35.Be3 Bd5 36.Bxd2 Bxd2
37.Kxd2 Bxb3 38.Ke3 Kg7 39.Nd2 Bd5 40.Ne4 Bc4 41.h4 Bf1 42.g3 Kf7 43.Nd2 Bh3
44.Kd4 Bf5 45.Ke5 Bd3 46.Ne4 Ke7 47.Nf6 Bb1 48.Nd5+ Kd7 49.Nb4 Kc7 50.f3 Bf5
51.Nd5+ Kb7 52.Ne7 Bb1 53.g4 hxg4 54.fxg4 Kb6 55.Kf6 Kc5 56.Nxg6 Kc4 57.h5 Kxc3
58.h6 b4 59.h7 b3 60.h8=Q b2 61.Ke7+ Kb3 62.Ne5  1-0

[Event "BUL-ch"]
[Site "Sofia"]
[Date "1981.??.??"]
[Round "16"]
[White "Georgiev, Kiril"]
[Black "Tringov, Georgi P"]
[Result "0-1"]
[WhiteElo "2200"]
[BlackElo "2470"]

1.c4 Nf6 2.Nf3 g6 3.d4 Bg7 4.Nc3 O-O 5.Bg5 h6 6.Bh4 d6 7.e3 e6 8.Be2 Qe7
9.Qc2 g5 10.Bg3 Nh5 11.Nd2 Nxg3 12.hxg3 f5 13.O-O Nd7 14.Rad1 Nf6 15.Bd3 Qf7
16.d5 Ng4 17.Be2 Qh5 18.Bxg4 Qxg4 19.Qd3 e5 20.Qe2 Qxe2 21.Nxe2 a5 22.a4 Bd7
23.b3 Rae8 24.Rfe1 Kf7 25.Nf1 h5 26.f4 Bf6 27.Kf2 Rg8 28.Nd2 h4 29.gxh4 gxf4
30.exf4 Bxh4+ 31.g3 Bf6 32.Rh1 Rh8 33.Nf3 Ke7 34.Rde1 Kd8 35.Nh4 Reg8 36.Ng2 c6
37.Ne3 Kc7 38.c5 exf4 39.cxd6+ Kxd6 40.Nxf4 cxd5 41.Nfxd5 Bd4 42.Nf4  0-1

[Event "BUL-ch"]
[Site "Sofia"]
[Date "1981.??.??"]
[Round "17"]
[White "Grigorov, Jordan N"]
[Black "Georgiev, Kiril"]
[Result "1/2-1/2"]
[WhiteElo "2405"]
[BlackElo "2200"]

1.e4 e6 2.d4 d5 3.Nd2 c5 4.exd5 exd5 5.Bb5+ Nc6 6.Ngf3 Bd6 7.dxc5 Bxc5 8.O-O Ne7
9.Nb3 Bd6 10.Bg5 O-O 11.Re1 Qc7  1/2-1/2

[Event "BUL-ch"]
[Site "Sofia"]
[Date "1982.??.??"]
[Round "1"]
[White "Toshkov, Tihomir"]
[Black "Georgiev, Kiril"]
[Result "0-1"]
[WhiteElo "2370"]
[BlackElo "2380"]

1.d4 Nf6 2.Nf3 e6 3.c4 d5 4.Bg5 Be7 5.Nc3 h6 6.Bxf6 Bxf6 7.Qd2 O-O 8.e3 b6
9.Rd1 Nc6 10.Be2 g6 11.O-O Bg7 12.a3 Ne7 13.Qc2 Bb7 14.cxd5 exd5 15.Rd2 Rc8
16.Rfd1 c5 17.dxc5 bxc5 18.Ne1 d4 19.Bg4 f5 20.Bf3 Ba6 21.Qb3+ Kh7 22.exd4 cxd4
23.Ne2 Bc4 24.Qa4 Qb6 25.b4 Rfd8 26.Nd3 g5 27.Ng3 g4 28.Be2 Nd5 29.Qc2 Nc3
30.Nf4 d3 31.Bxd3 Bxd3 32.Rxd3 Nxd1 33.Qxd1 Rxd3 34.Qxd3 Rc1+ 35.Nf1 Qf6
36.Nh5 Qe6 37.Nxg7 Kxg7 38.h3 gxh3 39.Qg3+ Qg6 40.Qxh3 Qa6 41.g3 Qe2 42.a4 Kg6
43.b5 Ra1 44.Qg2 Qe4 45.f3 Qd4+ 46.Kh2 Qd3 47.Kg1 Rxa4 48.g4 Qd4+ 49.Kh2 fxg4
50.Qc2+ Kf6 51.Ng3 gxf3 52.Qf5+ Ke7 53.Qh7+ Kd8 54.Qg8+ Kc7 55.Qf7+ Kb6 56.Qe6+ Ka5  0-1

[Event "BUL-ch"]
[Site "Sofia"]
[Date "1982.??.??"]
[Round "2"]
[White "Georgiev, Kiril"]
[Black "Lalev, Dimitar"]
[Result "0-1"]
[WhiteElo "2380"]
[BlackElo "2280"]

1.c4 Nf6 2.d4 e6 3.Nf3 c5 4.d5 exd5 5.cxd5 d6 6.Nc3 g6 7.Nd2 Nbd7 8.e4 Bg7
9.Be2 O-O 10.O-O Re8 11.a4 Ne5 12.Ra3 g5 13.Qc2 Qe7 14.Re1 Nfg4 15.Nf1 Ng6
16.Ne3 Nxe3 17.Bxe3 Rf8 18.Qd2 h6 19.Bf1 Ne5 20.f3 f5 21.exf5 Bxf5 22.Bf2 Qf6
23.Ne4 Qg6 24.b4 b6 25.Bg3 g4 26.bxc5 bxc5 27.Nxd6 Qxd6 28.Rae3 Rae8 29.Qe2 gxf3
30.gxf3 Qg6 31.Bg2 Nxf3+ 32.Qxf3 Bd4 33.Bf2 Bxe3 34.Rxe3 Bg4 35.Qg3 Rxe3
36.Qxe3 Bf3 37.Bg3 Qb1+ 38.Be1 Qg6 39.Bg3 Bxg2 40.Kxg2 Qf5 41.Be5  0-1

[Event "BUL-ch"]
[Site "Sofia"]
[Date "1982.??.??"]
[Round "5"]
[White "Lukov, Valentin"]
[Black "Georgiev, Kiril"]
[Result "1/2-1/2"]
[WhiteElo "2405"]
[BlackElo "2380"]

1.e4 c5 2.Nf3 d6 3.d4 cxd4 4.Nxd4 Nf6 5.Nc3 e6 6.g4 h6 7.g5 hxg5 8.Bxg5 a6
9.Bg2 Qb6 10.Nb3 Nc6 11.Qe2 Be7 12.O-O-O Qc7 13.f4 Bd7 14.Bf3 O-O-O 15.h4 Kb8
16.h5 Ne8 17.Bxe7 Nxe7 18.Qe3 Bc8 19.Kb1 Nf6 20.Nd4 Qc5 21.e5 Nfd5 22.Nxd5 exd5
23.Rd3 Ka8 24.Re1 dxe5 25.fxe5 Nc6 26.Qd2 Be6 27.Nxc6 Qxc6 28.Rd4 Qc7 29.Qg5 Rhg8
30.Red1 g6 31.hxg6 Rxg6 32.Qf4 f6 33.exf6 Qxf4 34.Rxf4 Rf8 35.Kc1 Rfxf6 36.Rxf6 Rxf6
37.Bxd5 Bxd5 38.Rxd5 Ka7 39.a4 Kb6 40.a5+ Kc6 41.Rg5 Rf7 42.b3 Re7 43.Kb2 Rh7
44.b4 Kc7 45.Kb3 Rh3+ 46.c3 Rh7 47.Rc5+ Kb8 48.Rd5 Rg7 49.Kc4 Rh7 50.Kd4 Kc7
51.c4 Rg7  1/2-1/2

[Event "BUL-ch"]
[Site "Sofia"]
[Date "1982.??.??"]
[Round "6"]
[White "Georgiev, Kiril"]
[Black "Spiridonov, Nikola"]
[Result "1/2-1/2"]
[WhiteElo "2380"]
[BlackElo "2440"]

1.d4 Nf6 2.c4 g6 3.Nc3 d5 4.Nf3 Bg7 5.cxd5 Nxd5 6.e4 Nxc3 7.bxc3 O-O 8.Be2 c5
9.O-O Bg4 10.Rb1 Nc6 11.Rxb7 cxd4 12.Nxd4 Bc8 13.Rb1 Nxd4 14.cxd4  1/2-1/2

[Event "BUL-ch"]
[Site "Sofia"]
[Date "1982.??.??"]
[Round "9"]
[White "Popov, Luben"]
[Black "Georgiev, Kiril"]
[Result "0-1"]
[WhiteElo "2435"]
[BlackElo "2380"]

1.c4 Nf6 2.Nc3 e5 3.g3 d5 4.cxd5 Nxd5 5.Bg2 Ne7 6.Nf3 Nbc6 7.O-O g6 8.b4 a6
9.Bb2 Bg7 10.a3 O-O 11.d3 h6 12.Rc1 Nd4 13.Nd2 Rb8 14.e3 Ndc6 15.Qc2 b6 16.Nd5 Nxd5
17.Qxc6 Bb7 18.Qc4 c6 19.e4 Nc7 20.Nf3 Re8 21.Rfd1 Qe7 22.d4 exd4 23.Bxd4 Bxd4
24.Nxd4 Nb5 25.Nxc6 Bxc6 26.Qxc6 Nxa3 27.Rd7 Qe6 28.Rd6 Qe7 29.Qd5 Rbd8 30.Rcc6 Kg7
31.h4 Nb5 32.Rxd8 Rxd8 33.Qb3 Nd4 34.Qb2 Qe5 35.Rc2 Qf6 36.Rd2 Nc6 37.Qc1 Rxd2
38.Qxd2 Qd4 39.Qxd4+ Nxd4 40.Bf1 a5 41.bxa5 bxa5 42.Bc4 Nf3+ 43.Kg2 Nd2 44.Bd5 a4
45.f3  0-1

[Event "BUL-ch"]
[Site "Sofia"]
[Date "1982.??.??"]
[Round "11"]
[White "Velikov, Petar"]
[Black "Georgiev, Kiril"]
[Result "1-0"]
[WhiteElo "2485"]
[BlackElo "2380"]

1.Nf3 Nf6 2.d4 e6 3.Bg5 c5 4.e3 b6 5.Nbd2 Be7 6.e4 cxd4 7.e5 Nd5 8.Bxe7 Qxe7
9.Nxd4 O-O 10.c4 Nb4 11.N2f3 Bb7 12.a3 Bxf3 13.Nxf3 N4c6 14.Bd3 a5 15.Qc2 h6
16.O-O Na6 17.Bh7+ Kh8 18.Be4 Nc5 19.Rfd1 Rac8 20.Bxc6 dxc6 21.Rd6 Rfd8 22.Rad1 Nb7
23.R6d4 Kg8 24.h4 Rxd4 25.Rxd4 Rd8 26.Qe4 Qc7 27.h5 Rd7 28.Rxd7 Qxd7 29.Qd4 Qc7
30.Nd2 Nc5 31.f4 Qe7 32.g3 Kf8 33.Kf2 Qd7 34.Ke3 Ke7 35.g4 Qxd4+ 36.Kxd4 f6
37.Nf3 Na4 38.b3 Nc5 39.b4 axb4 40.axb4 Nd7 41.Ke4 Kf7 42.f5 c5 43.b5 Ke7
44.Kf4 fxe5+ 45.Nxe5 Nf6 46.Ng6+ Kd7 47.fxe6+ Kxe6 48.Nh4 Nd7 49.Nf5 Kf6
50.Ne3 Ke6 51.Nd5 Ne5 52.Nc7+ Kd6 53.Ne8+ Ke6 54.Nxg7+ Kf6 55.Nf5 Nd3+ 56.Ke4 Nb2
57.Nxh6 Nxc4 58.Kf4 Nd6 59.g5+ Ke6 60.g6 Kf6 61.Ng4+ Kg7 62.Ne3 Kf6 63.Nd5+ Kg7
64.Nxb6 c4 65.Nd5 Nxb5 66.Kg5 Nd4 67.h6+ Kf8 68.Kf6  1-0

[Event "BUL-ch"]
[Site "Sofia"]
[Date "1982.??.??"]
[Round "14"]
[White "Nikolov, Sasho"]
[Black "Georgiev, Kiril"]
[Result "0-1"]
[WhiteElo "2335"]
[BlackElo "2380"]

1.e4 c5 2.Nf3 d6 3.d4 cxd4 4.Nxd4 Nf6 5.Nc3 g6 6.Be3 Bg7 7.f3 O-O 8.Qd2 Nc6
9.Bc4 Bd7 10.h4 Ne5 11.Bb3 Rc8 12.O-O-O Nc4 13.Bxc4 Rxc4 14.h5 Nxh5 15.g4 Nf6
16.Nde2 Re8 17.Bh6 Bh8 18.e5 Nxg4 19.fxg4 Bxe5 20.Bf4 Qa5 21.Bxe5 Qxe5 22.g5 Rg4
23.Rhg1 Rc8 24.Nd5 Rcc4 25.Kb1 Rxg1 26.Nxg1 Bc6 27.b3 Rg4 28.Nf3 Qe4 29.Qa5 Qxf3
30.Nxe7+ Kg7 31.Rxd6 Qe3 32.Nxc6 bxc6 33.Kb2 Rxg5 34.Qc7 Qe5+ 35.c3 Rg2+
36.Ka3 Qc5+  0-1

[Event "BUL-ch"]
[Site "Sofia"]
[Date "1982.??.??"]
[Round "15"]
[White "Georgiev, Kiril"]
[Black "Kirov, Nino"]
[Result "1/2-1/2"]
[WhiteElo "2380"]
[BlackElo "2440"]

1.d4 d5 2.c4 c6 3.Nc3 Nf6 4.cxd5 cxd5 5.Bf4 Nc6 6.e3 Bf5 7.Nf3 e6 8.Bb5 Nd7
9.Bxc6 bxc6 10.O-O Be7 11.Ne5 Nxe5 12.Bxe5 f6 13.Bg3 O-O 14.Rc1 Qa5 15.Qa4 Qb6
16.Qb3 Bd3 17.Rfd1 Bc4 18.Qc2 Rae8 19.Na4 Qa5 20.b3 Bb5 21.Nc5 Bxc5 22.Qxc5 Qxa2
23.Ra1 Qxb3 24.Re1 Qd3 25.Rad1  1/2-1/2

[Event "DDR-BUL"]
[Site "Zinnowitz"]
[Date "1982.??.??"]
[Round "1"]
[White "Georgiev, Kiril"]
[Black "Enders, Peter"]
[Result "1-0"]
[WhiteElo "2380"]
[BlackElo "2360"]

1.d4 Nf6 2.c4 e6 3.Nf3 c5 4.Nc3 cxd4 5.Nxd4 Nc6 6.g3 Qb6 7.Nb3 Bb4 8.Bg2 Qa6
9.c5 b6 10.cxb6 axb6 11.Bd2 O-O 12.O-O Bb7 13.Bg5 Be7 14.e4 Rfd8 15.Re1 d5
16.e5 Ne4 17.Nxe4 dxe4 18.Qh5 Bxg5 19.Qxg5 Qb5 20.Bxe4 Nxe5 21.Qh5 Bxe4 22.Rxe4 Rd5
23.Qe2 Qxe2 24.Rxe2 Rc8 25.Kg2 Kf8 26.Rc1 Rxc1 27.Nxc1 Ke7 28.Rc2 Kd6 29.f4 Nc6
30.a3 Rc5 31.Rd2+ Rd5 32.Nd3 Na5 33.Kf2 Nb3 34.Rd1 h5 35.Ke3 Na5 36.Rc1 h4
37.gxh4 Rh5 38.Ne5 Rxh4 39.Nxf7+ Kd5 40.Rd1+ Kc4 41.Rd4+ Kb5 42.a4+ Ka6 43.b4 Nb3
44.Rd6 Kb7 45.Rxe6 Rxh2 46.Re7+ Ka6 47.Nd6 Ra2 48.Re8 Ka7 49.Nb5+ Ka6 50.Ra8+ Kb7
51.Ra7+ Kb8 52.f5 Rg2 53.Re7 Rg4 54.Re6 Kb7 55.Rg6 Rxb4 56.Rxg7+ Kc6 57.f6 Nc5
58.Rc7+ Kd5 59.Rxc5+ bxc5 60.f7 Rb3+ 61.Kf2  1-0

[Event "DDR-BUL"]
[Site "Zinnowitz"]
[Date "1982.??.??"]
[Round "2"]
[White "Espig, Lutz"]
[Black "Georgiev, Kiril"]
[Result "1-0"]
[WhiteElo "2425"]
[BlackElo "2380"]

1.Nf3 Nf6 2.g3 g6 3.b3 Bg7 4.Bb2 d6 5.d4 c5 6.Bg2 cxd4 7.Nxd4 d5 8.O-O O-O
9.c4 dxc4 10.bxc4 Nbd7 11.Nc3 Ne5 12.Qb3 Qxd4 13.Nd5 Qc5 14.Bxe5 Nxd5 15.Bxg7 Kxg7
16.cxd5 Qd6 17.Rac1 Rb8 18.e4 Bd7 19.Qe3 Qb6 20.Qxb6 axb6 21.Rc7 Rfd8 22.Rb1 Ra8
23.Rxb6 Rxa2 24.h3 Ra1+ 25.Kh2 Ra7 26.e5 Kf8 27.Rbxb7 Rxb7 28.Rxb7 f6 29.e6 Ba4
30.g4 g5 31.Be4 h6 32.h4 Be8 33.h5 Ba4 34.Kg3 Be8 35.d6 Rxd6 36.Rb8 Rxe6
37.Bg6 Kg7 38.Rxe8 Re5 39.f3 Re6 40.Be4 Re5 41.Bf5 Kf7 42.Rh8 e6 43.Bg6+ Kg7
44.Rh7+ Kg8 45.Rxh6 f5 46.Rh7  1-0

[Event "BUL-ch"]
[Site "Pernik"]
[Date "1983.??.??"]
[Round "3"]
[White "Georgiev, Kiril"]
[Black "Spassov, Liuben"]
[Result "1-0"]
[WhiteElo "2420"]
[BlackElo "2475"]

1.d4 Nf6 2.c4 e6 3.Nc3 Bb4 4.Qc2 b6 5.e4 c5 6.d5 d6 7.Bg5 e5 8.Bd3 Nbd7 9.Ne2 h6
10.Bd2 Bxc3 11.Bxc3 Qe7 12.a3 O-O 13.b4 a6 14.Ng3 g6 15.Qd2 Kh7 16.O-O Ne8
17.Bc2 Ng7 18.f4 f6 19.f5 g5 20.Kf2 Rh8 21.h4 Kg8 22.Rh1 h5 23.Ba4 g4 24.Rhb1 Ra7
25.Bc6 Kf7 26.bxc5 bxc5 27.Ba5 Ne8 28.Rb3 Kf8 29.Rab1 Rh7 30.Qc3 Qg7 31.Bd8 Qh6
32.Qa5 Rf7 33.Bb6 Nxb6 34.Qxb6 Qd2+ 35.Kg1 Rfe7 36.Bxe8 Rab7 37.Qd8  1-0

[Event "BUL-ch"]
[Site "Pernik"]
[Date "1983.??.??"]
[Round "5"]
[White "Georgiev, Kiril"]
[Black "Grigorov, Jordan N"]
[Result "1/2-1/2"]
[WhiteElo "2420"]
[BlackElo "2380"]

1.d4 d6 2.Nf3 f5 3.g3 g6 4.Bg2 Bg7 5.O-O Nf6 6.b3 O-O 7.Bb2 Na6 8.c4 Qe8
9.Nc3 c6 10.d5 Bd7 11.Nd4 Nc7 12.e3 c5 13.Nf3 b5 14.Nd2 Ng4 15.Qc2 bxc4 16.bxc4 Rb8
17.Rae1 e5 18.dxe6 Bxe6 19.Nd1 Qf7 20.Bxg7 Qxg7 21.f4 Rfd8 22.h3 Nf6 23.Kh2 d5
24.cxd5 Nfxd5 25.a3 Nb6 26.e4 c4 27.Ne3 c3 28.Nb1 Nc4 29.e5 Nxe3 30.Rxe3 Rb2
31.Qxc3 Rdb8 32.Nd2 Nd5 33.Bxd5 Bxd5 34.Rf2 Qb7 35.Rfe2 Rc8 36.Qd4 Be6 37.Rc3 Rxc3
38.Qxc3 Ra2 39.Qd3 Qd5 40.Qc3 Qb7 41.Qd3  1/2-1/2

[Event "BUL-ch"]
[Site "Pernik"]
[Date "1983.??.??"]
[Round "6"]
[White "Spiridonov, Nikola"]
[Black "Georgiev, Kiril"]
[Result "1/2-1/2"]
[WhiteElo "2425"]
[BlackElo "2420"]

1.Nf3 Nf6 2.d4 e6 3.Bf4 c5 4.c3 b6 5.e3 Be7 6.h3 O-O 7.Nbd2 Bb7 8.Bd3 cxd4
9.cxd4 Nc6 10.O-O Rc8 11.a3 d5 12.Qe2 Bd6 13.Bxd6 Qxd6 14.Rfc1 Rc7 15.Rc3 Rfc8
16.Rac1 h6  1/2-1/2

[Event "BUL-ch"]
[Site "Pernik"]
[Date "1983.??.??"]
[Round "11"]
[White "Georgiev, Kiril"]
[Black "Georgiev, Krum"]
[Result "1/2-1/2"]
[WhiteElo "2420"]
[BlackElo "2450"]

1.d4 Nf6 2.c4 g6 3.Nc3 Bg7 4.g3 O-O 5.Bg2 d6 6.Nf3 c6 7.O-O a6 8.e4 Nfd7
9.Be3 b5 10.Nd2 Bb7 11.a3 c5 12.dxc5 Nxc5 13.Qc2 Nbd7 14.Rad1 Rc8 15.b4 Ne6
16.Nd5 bxc4 17.Nxc4 Ne5 18.Ndb6 Qc7 19.Rc1 Nxc4 20.Nxc4 Qb8 21.Qd2 Rfe8 22.Na5 Ba8
23.Nc4 Bc6 24.Nb6 Rc7 25.Rc4 Rd8 26.Rfc1 Be8 27.h4 Rxc4 28.Rxc4 Kf8 29.a4 Nc7
30.a5 Bb5 31.Rc1 Ne8 32.h5 gxh5 33.Bh6 d5 34.exd5 Qd6 35.Bxg7+ Nxg7 36.Qc2 Qh6
37.Re1 Qg6 38.Qxg6 hxg6 39.Bf1 Bxf1 40.Kxf1 Ne8 41.Rc1 Nd6 42.Rc6 Nb5 43.Nc4 Rxd5
44.Rxa6 Rd1+ 45.Kg2 Rb1 46.Rb6 Rxb4 47.Ne5 Kg7 48.Nc6 Rc4 49.a6 Nc7  1/2-1/2

[Event "BUL-ch"]
[Site "Pernik"]
[Date "1983.??.??"]
[Round "12"]
[White "Trifunov, Dimitar"]
[Black "Georgiev, Kiril"]
[Result "1-0"]
[WhiteElo "2265"]
[BlackElo "2420"]

1.e4 c5 2.Nf3 e6 3.d4 cxd4 4.Nxd4 a6 5.g3 Nf6 6.Bg2 d5 7.exd5 Nxd5 8.O-O Be7
9.Qe2 O-O 10.Rd1 Bf6 11.c4 Qb6 12.Nxe6 fxe6 13.cxd5 Bd4 14.Rf1 exd5 15.Nc3 Bxc3
16.Bxd5+ Kh8 17.bxc3 Bh3 18.Re1 Nc6 19.Be3 Qc7 20.Rad1 Rae8 21.Qh5 Qc8 22.Qh4 Bg4
23.Rb1 Bf5 24.Rbc1 Be6 25.Be4 Bg8 26.Rcd1 Qe6 27.Bc5 Rf7 28.Re3 Qc8 29.Rde1 Rd8
30.Qh5 Rf6 31.Bb1 Rh6 32.Qe2 Bf7 33.h4 Kg8 34.a4 Rf6 35.Re4 Rf5 36.Ba3 Rfd5
37.Ba2 h6 38.Bxd5 Rxd5 39.c4 Rd4 40.Bb2 Rxe4 41.Qxe4 Qd7 42.Qc2 Qg4 43.Re4 Qg6
44.Qc3 Nd8 45.Re7 Ne6 46.Qf3 b6 47.h5 Qb1+ 48.Kh2 Ng5 49.Qc3 Kf8 50.Rb7 Ne6  1-0